UM Logo
Normal view MARC view
  • Language and languages.

Entry Topical Term

Number of records used in: 1

001 - CONTROL NUMBER

  • control field: 48347

003 - CONTROL NUMBER IDENTIFIER

  • control field: OSt

005 - DATE AND TIME OF LATEST TRANSACTION

  • control field: 20230403165004.0

008 - FIXED-LENGTH DATA ELEMENTS

  • fixed length control field: 230403|| aca||aabn | a|a d

040 ## - CATALOGING SOURCE

  • Original cataloging agency: OSt
  • Transcribing agency: OSt

150 ## - HEADING--TOPICAL TERM

  • Topical term or geographic name entry element: Language and languages.

670 ## - SOURCE DATA FOUND

  • Source citation: Work cat.: (OSt): Reysio-Cruz, Matthew. 48346, Saving PH diverse languages from extinction /, August 19, 2019.